BSOP header

Industrialization and technological development in China / (Record no. 17580)

MARC details
000 -LEADER
fixed length control field 00697nam a2200181 4500
008 - FIXED-LENGTH DATA ELEMENTS--GENERAL INFORMATION
fixed length control field 030919s1990 ja eng
020 ## - INTERNATIONAL STANDARD BOOK NUMBER
International Standard Book Number 425852024X
090 ## - LOCALLY ASSIGNED LC-TYPE CALL NUMBER (OCLC); LOCAL CALL NUMBER (OCLC)
Classification number (OCLC) (R) ; Classification number, CALL (RLIN) (NR) HC427.92
Local cutter number (OCLC) ; Book number/undivided call number, CALL (RLIN) M36i
100 1# - MAIN ENTRY--PERSONAL NAME
Personal name Maruyama, Nobuo
245 10 - TITLE STATEMENT
Title Industrialization and technological development in China /
Statement of responsibility, etc Nobuo Maruyama.
260 ## - PUBLICATION, DISTRIBUTION, ETC. (IMPRINT)
Place of publication, distribution, etc Tokyo :
Name of publisher, distributor, etc Institute of Developing Economies,
Date of publication, distribution, etc c1990.
300 ## - PHYSICAL DESCRIPTION
Extent xii, 120 p.
490 1# - SERIES STATEMENT
Series statement Institute of developing economies occasional papers series;
Volume number/sequential designation 24
651 #4 - SUBJECT ADDED ENTRY--GEOGRAPHIC NAME
Geographic name Industrial policy
Geographic subdivision China.
651 #4 - SUBJECT ADDED ENTRY--GEOGRAPHIC NAME
Geographic name Industries
Geographic subdivision China
General subdivision Technological innovations.
651 #4 - SUBJECT ADDED ENTRY--GEOGRAPHIC NAME
Geographic name Research, Industrial
Geographic subdivision China.
951 ## - EQUIVALENCE OR CROSS-REFERENCE-GEOGRAPHIC NAME/AREA NAME [OBSOLETE] [CAN/MARC only]
General subdivision 00025726
951 ## - EQUIVALENCE OR CROSS-REFERENCE-GEOGRAPHIC NAME/AREA NAME [OBSOLETE] [CAN/MARC only]
-- 26229
-- HC427.92/M36i
-- 070613111314312
-- 2000-12-21
-- SP-C
Holdings
Withdrawn status Lost status Damaged status Not for loan Home library Current library Shelving location Date acquired Accession number Shelving control number Total Checkouts Full call number Barcode Date last seen Price effective from Koha item type
        BSOP Library BSOP Library Special Collections English 12/21/2000 26229 127   HC427.92/M36i 00025726 02/23/2013 02/23/2013 Books
BSOP

Biblical Seminary of the Philippines
  All rights Reserved
  © 2024

CONTACT INFORMATION

Biblical Seminary of the Philippines,
  77-B Karuhatan Road, Valenzuela City,
  PHILIPPINES 1441
  Phone: +632 8292-6795 / 8292-6798
  Fax : +632 8292-6675
  Email: library@bsop.edu.ph